Wiki Geography Picture Click Quiz Stats

 Plays Quiz Updated Apr 20, 2018

Challenge
Share
Tweet
Score 0/12 Timer 04:00
8 Plays Today
% Correct
Public Housing
96.4%
Passport
94.7%
Rural Area
94.4%
Crevasse
89.6%
Krakatoa
87.2%
Yangtze
86.6%
Cave of Swimmers
86.6%
La Brea Tar Pits
86.5%
Gombe Stream National Park
83.8%
Border
83%
Micronation
69.7%
Civilization
63.6%

You're not logged in!

Compare scores with friends on all Sporcle quizzes.
OR
Log In

You Might Also Like...

Show Comments

Extras

Top Quizzes Today


Score Distribution

Your Account Isn't Verified!

In order to create a playlist on Sporcle, you need to verify the email address you used during registration. Go to your Sporcle Settings to finish the process.

Report this User

Report this user for behavior that violates our Community Guidelines.

Details: